人口40万人台の都市 - Statistics

General Stats
  • This quiz has been taken 7 times
  • The average score is 5 of 13
Answers on the Grid
Answers color-coded by a green-red scale on the quiz's grid according to % correct below.
豊田市
大分市
旭川市
盛岡市
郡山市
西宮市
豊橋市
姫路市
東大阪市
豊中市
和歌山市
横須賀市
藤沢市
町田市
八王子市
長崎市
久留米市
福山市
倉敷市
歌志内市
長野市
金沢市
富山市
福井市
川口市
川越市
柏市
船橋市
高松市
松山市
 
Answer Stats
Answer % Correct
大分市
60%
藤沢市
60%
倉敷市
60%
豊田市
40%
西宮市
40%
福山市
40%
金沢市
40%
富山市
40%
柏市
40%
松山市
40%
東大阪市
20%
町田市
20%
高松市
20%
No matching quizzes found
Score Distribution
Percent of People with Each Score
Percentile by Number Answered
Your Score History
You have not taken this quiz